| 000 | 02327cam a2200421 i 4500 | ||
|---|---|---|---|
| 001 | 21492783 | ||
| 005 | 20260606121629.0 | ||
| 008 | 200407s2020 caua b 000 0 eng | ||
| 010 | _a 2020013242 | ||
| 020 |
_a9789353882990 _q(hardback) |
||
| 020 |
_a9789353883027 _q(paperback) |
||
| 020 |
_z9789353883003 _q(epub) |
||
| 020 |
_z9789353883010 _q(ebook) |
||
| 035 | _a21492783 | ||
| 040 |
_aDLC _beng _erda _cDLC _dDLC |
||
| 042 | _apcc | ||
| 043 | _aa-cc--- | ||
| 050 | 0 | 0 |
_aHT119 _b.Z487 2020 |
| 082 | 0 | 0 |
_a307.76 _223 |
| 100 | 1 |
_aZhou, Zhenhua, _d1954- _eauthor. |
|
| 245 | 1 | 0 |
_aGlobal cities : _bpast, present and future / _cZhou Zhenhua. |
| 264 | 1 |
_aLos Angeles ; _bSAGE, _c[2020] |
|
| 300 |
_ax, 424 pages : _billustrations ; _c22 cm. |
||
| 336 |
_atext _btxt _2rdacontent |
||
| 337 |
_aunmediated _bn _2rdamedia |
||
| 338 |
_avolume _bnc _2rdacarrier |
||
| 490 | 0 | _aSage China studies | |
| 504 | _aIncludes bibliographical references. | ||
| 520 |
_a"The pivotal nodes in the world city network are global cities---cities of supreme strategic value in global economy and politics, science and technology, culture, and society. Global Cities: Past, Present and Future explores the evolution of global cities---their formation, rise, development and tendencies. This book summarizes and interprets global tendencies and also puts forward a theoretical framework that will help researchers understand these cities better. It also makes a compelling case for understanding every city in terms of evolutionary dynamics. The first eight chapters of the book discuss the ontology of global city evolution and patterns, forms and trends of development. The last two chapters study the case of Shanghai, which aims to build itself into an important global city by 2050. This case study illustrates the shaping of a new type of global city that demonstrates new characteristics of the globalized space"-- _cProvided by publisher. |
||
| 650 | 0 | _aCities and towns. | |
| 650 | 0 | _aGlobalization. | |
| 650 | 0 |
_aCities and towns _zChina _zShanghai. |
|
| 650 | 0 |
_aGlobalization _zChina _zShanghai. |
|
| 856 |
_uhttps://sk.sagepub.com/books/global-cities _yRead SAGE E-Book |
||
| 906 |
_a7 _bcbc _corignew _d1 _eecip _f20 _gy-gencatlg |
||
| 942 |
_2ddc _cEBOOK |
||
| 999 |
_c44730 _d44730 |
||